Ends in 'LE' (A-Z) Quiz Stats

 Plays Quiz Updated Apr 10, 2016

Also try: Ends in 'EL' (A-Z)
Challenge
Share
Tweet
Embed
Score 0/26 Timer 05:00
5 Plays Today
Letter Answer % Correct
Jjingle
94.8%
Wwhale
94.1%
Gguacamole
93.5%
Lladle
93.3%
Ttriangle
93.2%
Bbuckle
92.9%
Nnoodle
92.9%
Kkettle
91.9%
Vvehicle
91.6%
Qquadruple
91.4%
Uukulele
90.8%
Sschedule
88.9%
Iinhale
88.3%
Letter Answer % Correct
Pparole
88%
Eeagle
87.2%
Oobstacle
83.8%
Ccircle
82.6%
Aapostle
82.1%
Mmantle
81.6%
Hhobble
72.9%
Xxenophile
64.7%
YYertle
61.4%
Ddebacle
59.7%
Rrustle
59.4%
Ffacsimile
49.5%
ZZwolle
7.8%

You're not logged in!

Compare scores with friends on all Sporcle quizzes.
Join for Free
OR
Log In

You Might Also Like...

Show Comments

Extras

Top Quizzes Today


Score Distribution

Your Account Isn't Verified!

In order to create a playlist on Sporcle, you need to verify the email address you used during registration. Go to your Sporcle Settings to finish the process.

Report this User

Report this user for behavior that violates our Community Guidelines.

Details: